000 00594nam a2200217Ia 4500
005 20260629163255.0
008 260629s9999||||xx |||||||||||||| ||und||
020 _a812480012x
_qpbk
020 _a9788124800126
_qpbk
082 _a823.912
_bWOO
100 _aWoolf, Virginia
245 0 _aTo the lighthouse
260 _aNew Delhi
_bPeacock Books
_c2005
300 _a224p. ; 18cm.
653 _aFamilies—Fiction
653 _aIsle of Skye (Scotland)—Fiction
653 _aMarried people—Fiction
653 _aMothers—Fiction
653 _aPsychological fiction
942 _cBK
999 _c57324
_d57324